000 00314nam a2200145Ia 4500
100 _aShanley/Tom/ Anderson Don
942 _cBK
654 _acomputer
245 _aISA Systems Architecture
260 _bMind Share Inc
_c1995
082 _a4.62
_bSHA/AND
300 _a517
546 _aENGLISH
999 _c19284
_d19284